000
00289nam a2200121Ia 4500
008
220120s9999||||xx |||||||||||||| ||und||
082
_a
823 CAR
100
_a
Carbone, Elisa
245
0
_a
Hemingway's chair
260
_a
Arrow books
_b
Mysore
300
_a
65p.
_b
6
650
_a
GENERAL BOOKS
999
_c
137512
_d
137512